[Event "Xtracon Chess Open 2017"]
[Site "Helsingor DEN"]
[Date "2017.07.28"]
[Round "8.9"]
[White "Vocaturo, Daniele"]
[Black "Lindgren, Philip"]
[Result "1-0"]
[WhiteTitle "GM"]
[BlackTitle "IM"]
[WhiteElo "2592"]
[BlackElo "2420"]
[WhiteFideId "813192"]
[BlackFideId "1713230"]
[EventDate "2017.07.22"]

1. c4 c6 2. Nf3 d5 3. d4 Nf6 4. Nc3 e6 5. Bg5 h6 6. Bh4 Nbd7 7. e3 g5 8. Bg3 Nh5
9. Qc2 Nxg3 10. hxg3 Bg7 11. O-O-O Qe7 12. Kb1 dxc4 13. Bxc4 b5 14. Be2 Bb7 15.
Ne4 a6 16. Ne5 Rc8 17. Nxd7 Kxd7 18. a4 Rc7 19. Nc5+ Kc8 20. f4 Kb8 21. Bf3 Bc8
22. Qc3 Ka7 23. Rc1 Kb6 24. Nb3 b4 25. Qd2 a5 26. Rc5 1-0

[Event "Xtracon Chess Open 2017"]
[Site "Helsingor DEN"]
[Date "2017.07.28"]
[Round "8.10"]
[White "Shabalov, Alexander"]
[Black "Das, Arghyadip"]
[Result "1/2-1/2"]
[WhiteTitle "GM"]
[BlackTitle "IM"]
[WhiteElo "2549"]
[BlackElo "2416"]
[WhiteFideId "2008572"]
[BlackFideId "5003610"]
[EventDate "2017.07.22"]

1. e4 e5 2. Nf3 Nc6 3. Bb5 a6 4. Ba4 Nf6 5. O-O Nxe4 6. d4 b5 7. Bb3 d5 8. dxe5
Be6 9. Qe2 Be7 10. Rd1 O-O 11. c3 Nc5 12. Bc2 Bg4 13. b4 Ne6 14. Bb3 Bxf3 15.
Qxf3 Nxe5 16. Qh5 Ng6 17. Bxd5 Ngf4 18. Bxa8 Nxh5 19. Rxd8 Rxd8 20. Bf3 Nhf4 21.
a4 Nd3 22. Bd2 c5 23. axb5 axb5 24. Ra5 cxb4 25. Rxb5 bxc3 1/2-1/2

[Event "Xtracon Chess Open 2017"]
[Site "Helsingor DEN"]
[Date "2017.07.28"]
[Round "8.11"]
[White "Hillarp Persson, Tiger"]
[Black "Taylor, Adam C"]
[Result "1-0"]
[WhiteTitle "GM"]
[BlackTitle "FM"]
[WhiteElo "2509"]
[BlackElo "2265"]
[WhiteFideId "1700812"]
[BlackFideId "424668"]
[EventDate "2017.07.22"]

1. Nf3 Nf6 2. g3 d5 3. Bg2 e6 4. O-O Be7 5. d3 b6 6. Nbd2 Bb7 7. e4 dxe4 8. dxe4
O-O 9. Qe2 c5 10. e5 Nfd7 11. Ne4 Qc7 12. Bf4 Nc6 13. Nf6+ gxf6 14. exf6 Bd6 15.
Bxd6 Qxd6 16. Rfd1 Qc7 17. Rxd7 Qxd7 18. Ng5 Nd4 19. Qh5 Ne2+ 20. Kf1 Bxg2+ 21.
Ke1 Be4 22. Qh6 1-0

[Event "Xtracon Chess Open 2017"]
[Site "Helsingor DEN"]
[Date "2017.07.28"]
[Round "8.12"]
[White "Getz, Nicolai"]
[Black "Kvon, Andrey"]
[Result "1/2-1/2"]
[WhiteTitle "IM"]
[BlackTitle "IM"]
[WhiteElo "2415"]
[BlackElo "2500"]
[WhiteFideId "1505572"]
[BlackFideId "14201356"]
[EventDate "2017.07.22"]

1. e4 c5 2. Nf3 Nc6 3. Nc3 e6 4. d4 cxd4 5. Nxd4 Qc7 6. Be3 Nf6 7. Qd2 Bb4 8. f3
O-O 9. Ndb5 Qa5 10. a3 d5 11. Rd1 Bxc3 12. Qxc3 Qxc3+ 13. Nxc3 dxe4 14. fxe4 Bd7
15. Be2 Rfd8 16. Rf1 Be8 17. Rxd8 Nxd8 18. Bg5 Nd7 19. Nb5 Nc6 20. Nd6 Rb8 21.
c3 a6 22. b4 Nce5 23. a4 Kf8 24. a5 f6 25. Bf4 Ke7 26. Nxe8 Rxe8 27. h4 Rc8 28.
Kd2 Nf7 29. Rf3 Nde5 30. Rg3 g6 31. Kc2 Nd7 32. Re3 h5 33. Rg3 Nfe5 34. Be3 Kf7
35. Kb3 Nb8 36. Bb6 Nbc6 37. Rh3 Nd7 38. Bd4 Ke7 39. Rh1 Nxd4+ 40. cxd4 Nb8 41.
Rd1 Nc6 42. d5 exd5 43. exd5 Ne5 44. d6+ Ke6 45. b5 axb5 46. Kb4 Rc6 47. Kxb5
Rxd6 48. Rxd6+ Kxd6 49. Kb6 Nc6 50. Bd3 g5 51. hxg5 fxg5 52. Be4 Nxa5 53. Kxa5
Ke5 54. Bxb7 Kf4 55. Kb4 Kg3 56. Kc3 h4 57. Kd4 g4 58. Ke3 h3 1/2-1/2

[Event "Xtracon Chess Open 2017"]
[Site "Helsingor DEN"]
[Date "2017.07.28"]
[Round "8.13"]
[White "Rosen, Eric S"]
[Black "Goh, Wei Ming Kevin"]
[Result "0-1"]
[WhiteTitle "IM"]
[BlackTitle "IM"]
[WhiteElo "2369"]
[BlackElo "2446"]
[WhiteFideId "2032562"]
[BlackFideId "5800706"]
[EventDate "2017.07.22"]

1. Nf3 Nf6 2. c4 g6 3. Nc3 Bg7 4. e4 O-O 5. d4 d6 6. h3 e5 7. d5 a5 8. Bg5 Na6
9. Bd3 Qe8 10. Qd2 Nh5 11. Bc2 f5 12. Bh6 Nc5 13. O-O-O a4 14. Rhe1 f4 15. Bxg7
Kxg7 16. Rg1 Bd7 17. Qe2 Qb8 18. Nd2 a3 19. b4 Na6 20. c5 Nxb4 21. Qc4 Na6 22.
Nb3 b5 23. cxb6 cxb6 24. Kd2 b5 25. Qd3 Qb6 26. Qf3 Rac8 27. Rb1 Nc5 28. Rgc1 b4
29. Ne2 Na4 30. Bd3 Nb2 31. Rxc8 Rxc8 32. Rc1 Rxc1 33. Nexc1 Nf6 34. Qe2 Qc7 35.
Ke1 Ba4 36. Qc2 Qb6 37. Be2 Bxb3 38. Nxb3 Na4 39. Qc6 Nxe4 40. Qxb6 Nxb6 41. Na5
Nc3 0-1

[Event "Xtracon Chess Open 2017"]
[Site "Helsingor DEN"]
[Date "2017.07.28"]
[Round "8.14"]
[White "Svane, Frederik"]
[Black "Martinovic, Sasa"]
[Result "1/2-1/2"]
[BlackTitle "GM"]
[WhiteElo "2276"]
[BlackElo "2570"]
[WhiteFideId "12923044"]
[BlackFideId "14509792"]
[EventDate "2017.07.22"]

1. e4 e6 2. d4 d5 3. Nd2 Nf6 4. e5 Nfd7 5. c3 c5 6. f4 Nc6 7. Ndf3 cxd4 8. cxd4
a5 9. Bd3 a4 10. Ne2 Nb6 11. O-O Be7 12. Nc3 Bd7 13. Be3 Nb4 14. Be2 g6 15. Rc1
O-O 16. g3 Nc4 17. Bxc4 dxc4 18. a3 Nd3 19. Rc2 Bc6 20. Ne1 Nxe1 21. Rxe1 Qa5
22. Qe2 b5 23. f5 gxf5 24. d5 Bxd5 25. Nxd5 exd5 26. Rf1 Ra6 27. Rxf5 Rg6 28.
Qf3 b4 29. axb4 Qxb4 30. Rf2 a3 31. bxa3 Qb1+ 32. Rf1 Qe4 33. Qf2 Qd3 34. Rf3
Rc6 35. Bd4 Qxd4 36. Qxd4 Bc5 37. Rf4 Re8 38. Qxc5 Rxc5 39. Rxf7 c3 40. R7f4 h5
41. h4 Rc6 42. Re1 Kg7 43. Kf1 Kg6 44. Rd4 Rc5 45. Rd3 Kf5 46. Rf3+ Ke6 47. Ke2
d4 48. Kd3 c2 49. Rf6+ Ke7 50. Rff1 Rec8 51. Rc1 Ke6 52. Kxd4 Rd5+ 53. Ke3 Kxe5
54. Rf2 Rc3+ 55. Ke2 Rd4 56. Rf3 Re4+ 57. Kf2 Rxf3+ 58. Kxf3 Rc4 59. Ke3 Rc3+
60. Kd2 Rxa3 61. Rxc2 Kf5 62. Rc5+ Kg4 63. Rg5+ Kh3 64. Rxh5 Kxg3 65. Rd5 Kxh4 1/2-1/2

[Event "Xtracon Chess Open 2017"]
[Site "Helsingor DEN"]
[Date "2017.07.28"]
[Round "8.15"]
[White "Timman, Jan H"]
[Black "Dishman, Stephen"]
[Result "1/2-1/2"]
[WhiteTitle "GM"]
[WhiteElo "2578"]
[BlackElo "2313"]
[WhiteFideId "1000012"]
[BlackFideId "403024"]
[EventDate "2017.07.22"]

1. Nf3 d5 2. g3 Bg4 3. Bg2 Nd7 4. c4 e6 5. cxd5 exd5 6. O-O Ngf6 7. Qb3 Nc5 8.
Qe3+ Be7 9. d4 Ne6 10. Nc3 c5 11. Rd1 Bxf3 12. Qxf3 cxd4 13. Nxd5 Nxd5 14. Qxd5
Qxd5 15. Bxd5 O-O-O 16. e4 g5 17. f4 Rd7 18. f5 Nc7 19. Bxf7 Bf6 20. Bc4 Re7 21.
Bd3 Ne8 22. Re1 h6 23. Bc4 Nc7 24. Bd2 Rhe8 25. Bb4 Rd7 26. Rad1 Re5 27. a4 b6
28. b3 Kb7 29. Kg2 a6 30. Kf3 h5 31. h3 b5 32. Bd3 Kb6 33. Rc1 a5 34. Bd2 b4 35.
Rc2 Ne8 36. Rec1 Rc7 37. Bb5 Rc3+ 38. Bxc3 bxc3 39. Rd1 Kc5 40. h4 g4+ 41. Kf2
Nd6 42. Bd3 Kb4 1/2-1/2

[Event "Xtracon Chess Open 2017"]
[Site "Helsingor DEN"]
[Date "2017.07.28"]
[Round "8.16"]
[White "Grigoriants, Sergey"]
[Black "Rewitz, Poul"]
[Result "1-0"]
[WhiteTitle "GM"]
[BlackTitle "FM"]
[WhiteElo "2566"]
[BlackElo "2310"]
[WhiteFideId "4130804"]
[BlackFideId "1401033"]
[EventDate "2017.07.22"]

1. e4 g6 2. d4 Bg7 3. Nf3 c6 4. Bd3 d5 5. e5 Nh6 6. O-O O-O 7. Re1 f6 8. exf6
exf6 9. c4 dxc4 10. Bxc4+ Kh8 11. h3 Nd7 12. Nc3 Nb6 13. Bb3 Nf5 14. Bf4 a5 15.
a3 Ne7 16. Qd2 a4 17. Ba2 Nbd5 18. Bh2 Bf5 19. Re2 Qd7 20. Rae1 g5 21. Ne4 Bxe4
22. Rxe4 Ng6 23. Qc2 Qf5 24. Bb1 Ngf4 25. h4 h6 26. Bxf4 Nxf4 27. hxg5 hxg5 28.
R1e3 Kg8 29. Nh2 Nd5 30. Re1 Qg6 31. Nf1 f5 32. Re6 Qf7 33. Ng3 Nf4 34. Ba2 Rad8
35. Nxf5 Nd5 36. Nxg7 Nf4 37. Rh6 Qxa2 38. Qh7+ Kf7 39. Nf5# 1-0

[Event "Xtracon Chess Open 2017"]
[Site "Helsingor DEN"]
[Date "2017.07.28"]
[Round "8.17"]
[White "Hjartarson, Johann"]
[Black "Fossan, Petter"]
[Result "1/2-1/2"]
[WhiteTitle "GM"]
[BlackTitle "FM"]
[WhiteElo "2541"]
[BlackElo "2301"]
[WhiteFideId "2300044"]
[BlackFideId "1500260"]
[EventDate "2017.07.22"]

1. e4 c6 2. d4 d5 3. e5 Bf5 4. Nf3 e6 5. Be2 c5 6. Be3 cxd4 7. Nxd4 Ne7 8. O-O
Nbc6 9. c4 dxc4 10. Qa4 a6 11. Rd1 Bd3 12. Bxd3 cxd3 13. Nc3 Qa5 14. Qxa5 Nxa5
15. b3 Nac6 16. f4 Nb4 17. Rac1 Rd8 18. Kf2 Ned5 19. Nxd5 Nxd5 20. Rxd3 Ba3 21.
Rcd1 Nxe3 22. Kxe3 Bc5 23. Ke4 Ke7 24. g4 h5 25. h3 hxg4 26. hxg4 g6 27. Rc1
Bxd4 28. Rc7+ Rd7 29. Rxd7+ Kxd7 30. Rxd4+ Kc7 31. Rc4+ Kd7 32. a4 Rh4 33. Rd4+
Kc7 34. Rc4+ Kd7 35. Rd4+ 1/2-1/2

[Event "Xtracon Chess Open 2017"]
[Site "Helsingor DEN"]
[Date "2017.07.28"]
[Round "8.18"]
[White "Dauth, Benjamin"]
[Black "Rasmussen, Allan Stig"]
[Result "0-1"]
[WhiteTitle "FM"]
[BlackTitle "GM"]
[WhiteElo "2332"]
[BlackElo "2540"]
[WhiteFideId "4688104"]
[BlackFideId "1406000"]
[EventDate "2017.07.22"]

1. e4 c5 2. c3 d5 3. exd5 Qxd5 4. d4 Nf6 5. Nf3 e6 6. Be3 cxd4 7. cxd4 Nc6 8.
Nc3 Qd6 9. Bd3 Be7 10. O-O O-O 11. Rc1 Nb4 12. Bb1 b6 13. Ng5 Bb7 14. Nce4 Nxe4
15. Nxe4 Qd7 16. Bg5 f6 17. Bd2 Nc6 18. Bc3 Rad8 19. Ng3 f5 20. Re1 Bg5 21. Bd2
Bxd2 22. Qxd2 Nxd4 23. Qf4 Qd6 24. Nh5 Rf7 25. a3 g6 26. Qxd6 Rxd6 27. Nf4 Re7
28. Ba2 Kg7 29. Nd3 Ba6 30. Bc4 b5 31. Ba2 b4 32. Nf4 b3 33. Bb1 g5 34. Nh5+ Kf7
35. Ng3 h5 36. Rc5 h4 37. Nf1 Ne2+ 38. Kh1 Red7 39. Ne3 f4 40. Ng4 Rd1 41. Ne5+
Ke7 42. Nc6+ Kf6 0-1

[Event "Xtracon Chess Open 2017"]
[Site "Helsingor DEN"]
[Date "2017.07.28"]
[Round "8.19"]
[White "Haug, Johannes"]
[Black "Schroeder, Jan-Christian"]
[Result "1/2-1/2"]
[WhiteTitle "FM"]
[BlackTitle "GM"]
[WhiteElo "2328"]
[BlackElo "2539"]
[WhiteFideId "1509268"]
[BlackFideId "24662259"]
[EventDate "2017.07.22"]

1. d4 d5 2. c4 e6 3. Nf3 Nf6 4. Nc3 dxc4 5. e3 a6 6. a4 b6 7. Bxc4 Bb7 8. O-O
Bb4 9. Qc2 O-O 10. Be2 Nbd7 11. b3 Rc8 12. Bb2 c5 13. Rfd1 cxd4 14. Rxd4 Bc5 15.
Rdd1 Qc7 16. Rac1 Ne5 17. Ng5 Qb8 18. Qb1 Be7 19. Nce4 Nxe4 20. Nxe4 Ng6 21. Nd2
Rxc1 22. Rxc1 Nh4 23. Nf3 Nxf3+ 24. Bxf3 Bxf3 25. gxf3 Rd8 26. Qe4 Rd5 27. Qc4
a5 28. Qc8+ Qxc8 29. Rxc8+ Rd8 30. Rxd8+ Bxd8 31. Kf1 Kf8 32. Ke2 g6 33. Kd3 Ke8
34. Kc4 Kd7 35. Kb5 Kc7 36. Bd4 Kb7 37. f4 Bc7 38. h3 Bd8 39. f3 Bc7 40. Bf6 Bd6
41. Bd4 Bc7 42. Bf6 Bd6 43. Bd4 Bc7 44. Bf6 1/2-1/2

[Event "Xtracon Chess Open 2017"]
[Site "Helsingor DEN"]
[Date "2017.07.28"]
[Round "8.20"]
[White "Delorme, Axel"]
[Black "Dahl, Trygve"]
[Result "1-0"]
[WhiteTitle "IM"]
[WhiteElo "2518"]
[BlackElo "2292"]
[WhiteFideId "632023"]
[BlackFideId "1513427"]
[EventDate "2017.07.22"]

1. Nf3 f5 2. g3 Nf6 3. Bg2 d6 4. d4 e6 5. O-O Be7 6. b3 O-O 7. Bb2 Ne4 8. Nbd2
Nc6 9. Nxe4 fxe4 10. Ne1 d5 11. f3 exf3 12. exf3 Bf6 13. f4 Ne7 14. Nf3 c5 15.
c3 Qb6 16. Re1 Nc6 17. Kh1 cxd4 18. cxd4 Bd7 19. Bh3 Rfe8 20. Re3 Rac8 21. Qd2
a5 22. a4 Nb4 23. Bc3 Rc6 24. Ne5 Bxe5 25. Rxe5 Rec8 26. Re3 Qc7 27. Bxb4 axb4
28. Qxb4 Rc1+ 29. Rxc1 Qxc1+ 30. Re1 Qc3 31. Qxc3 Rxc3 32. Rb1 Kf7 33. Bf1 Ke7
34. Kg1 Rc2 35. Rd1 Rb2 36. Rd3 b5 37. a5 b4 38. Re3 Ra2 39. a6 Kd6 40. Bd3 g6
41. g4 Bc8 42. Rh3 Bxa6 43. Bxa6 Rxa6 44. Rxh7 Ra3 45. Rh3 Ra1+ 46. Kf2 Rd1 47.
Rh6 Rxd4 48. Ke3 Re4+ 49. Kf3 Rd4 50. Ke3 Re4+ 51. Kf3 Rd4 52. Rxg6 Rd3+ 53. Ke2
Rxb3 54. f5 Rb2+ 55. Kd3 Rxh2 56. Rxe6+ Kc5 57. f6 b3 58. Re1 Rh3+ 59. Kd2 Kc4
60. Rf1 d4 61. f7 Rh2+ 62. Kc1 Kc3 63. f8=Q 1-0

[Event "Xtracon Chess Open 2017"]
[Site "Helsingor DEN"]
[Date "2017.07.28"]
[Round "8.21"]
[White "Hector, Jonny"]
[Black "Hobber, Anders"]
[Result "1-0"]
[WhiteTitle "GM"]
[BlackTitle "FM"]
[WhiteElo "2497"]
[BlackElo "2278"]
[WhiteFideId "1700090"]
[BlackFideId "1505424"]
[EventDate "2017.07.22"]

1. e4 c6 2. d4 d5 3. Nd2 dxe4 4. Nxe4 Bf5 5. Ng3 Bg6 6. Nh3 e6 7. Nf4 Bd6 8. h4
Qc7 9. Nxg6 hxg6 10. Ne4 Bf4 11. Bxf4 Qxf4 12. Ng5 Nf6 13. g3 Qd6 14. Qd2 Nbd7
15. Bh3 c5 16. O-O-O c4 17. d5 e5 18. f4 O-O 19. h5 c3 20. Qxc3 gxh5 21. Bxd7
Qxd7 22. fxe5 1-0

[Event "Xtracon Chess Open 2017"]
[Site "Helsingor DEN"]
[Date "2017.07.28"]
[Round "8.22"]
[White "Tan, Justin2"]
[Black "Merkesvik, Sondre"]
[Result "1/2-1/2"]
[WhiteTitle "IM"]
[BlackTitle "FM"]
[WhiteElo "2462"]
[BlackElo "2211"]
[WhiteFideId "3206882"]
[BlackFideId "1514350"]
[EventDate "2017.07.22"]

1. e4 Nf6 2. e5 Nd5 3. d4 d6 4. Nf3 Bg4 5. Be2 Nc6 6. O-O dxe5 7. Nxe5 Bxe2 8.
Qxe2 Qd6 9. Nxc6 Qxc6 10. c4 Nb6 11. b3 Qd7 12. Bb2 c6 13. Nc3 e6 14. d5 cxd5
15. cxd5 Nxd5 16. Nxd5 Qxd5 17. Rfd1 Qg5 18. Be5 a6 19. Rac1 Be7 20. Rc7 Bd8 21.
Rxb7 O-O 22. g3 Bf6 23. Bf4 Qf5 24. a4 h5 25. Rbd7 Rfd8 26. R7d3 Rxd3 27. Rxd3
Rd8 28. Rxd8+ Bxd8 29. Qxa6 Qb1+ 30. Kg2 Qe4+ 31. Kf1 Qb1+ 32. Kg2 Qe4+ 33. Kg1
Qb1+ 34. Qf1 Qxb3 35. Qb5 Qxb5 36. axb5 Kf8 37. Be3 Bc7 38. Bc5+ Ke8 39. Kf1 Kd7
40. Ke2 g5 41. h3 g4 42. hxg4 hxg4 43. Kd3 f5 44. Be3 e5 45. Ba7 Bd6 46. Kc4 f4
47. Kd5 fxg3 48. fxg3 e4 49. Kxe4 Bxg3 50. Kf5 Be1 51. Kxg4 Kc8 52. Kf5 Kb7 53.
Bd4 Bg3 1/2-1/2

[Event "Xtracon Chess Open 2017"]
[Site "Helsingor DEN"]
[Date "2017.07.28"]
[Round "8.23"]
[White "Miskulin, Dennis"]
[Black "Sonis, Francesco"]
[Result "0-1"]
[BlackTitle "IM"]
[WhiteElo "2198"]
[BlackElo "2440"]
[WhiteFideId "1705520"]
[BlackFideId "895733"]
[EventDate "2017.07.22"]

1. e4 c5 2. Nf3 d6 3. d4 cxd4 4. Nxd4 Nf6 5. f3 e5 6. Bb5+ Bd7 7. Bxd7+ Qxd7 8.
Nf5 d5 9. Bg5 d4 10. O-O Qe6 11. c3 Nc6 12. cxd4 exd4 13. Kh1 h6 14. Bh4 O-O-O
15. Bf2 Kb8 16. Nd2 g6 17. Ng3 h5 18. Qb3 Bh6 19. Rfd1 h4 20. Qxe6 fxe6 21. Ne2
Bxd2 22. Rxd2 e5 23. h3 g5 24. Nc1 Ne7 25. Nd3 Ng6 26. Bg1 Rc8 27. Bh2 Rhe8 28.
Rc1 Rxc1+ 29. Nxc1 Rc8 30. Nd3 Nd7 31. Kg1 Rc4 32. Kf1 Kc7 33. Ke2 Kd6 34. Ne1
Kc6 35. Rc2 Rxc2+ 36. Nxc2 Nc5 37. Ne1 Ne6 38. Kd2 Nef4 39. Kc2 Kb5 40. Kb3 a5
41. Kc2 a4 42. Kd2 Kc4 43. Kc2 b5 44. Kd2 Kb4 45. Kc2 Kc5 46. Kd2 Kd6 47. Kc2
Ne6 48. Kd2 Ngf4 49. Kc2 Kc5 50. Kd2 Kc4 51. Kc2 Nc5 52. Kd2 b4 53. Kc2 b3+ 54.
axb3+ axb3+ 55. Kd2 Nfd3 56. Nxd3 Nxd3 57. g3 Nxb2 58. gxh4 Na4 0-1

[Event "Xtracon Chess Open 2017"]
[Site "Helsingor DEN"]
[Date "2017.07.28"]
[Round "8.24"]
[White "Haria, Ravi"]
[Black "Brorsen, Jacob Abildlund"]
[Result "0-1"]
[WhiteTitle "FM"]
[WhiteElo "2417"]
[BlackElo "2153"]
[WhiteFideId "415820"]
[BlackFideId "1411233"]
[EventDate "2017.07.22"]

1. e4 e5 2. Nf3 Nc6 3. Bc4 Be7 4. d4 d6 5. dxe5 dxe5 6. Nbd2 Qd6 7. c3 Qg6 8.
Qe2 Bd6 9. Nf1 Be6 10. Ng3 Nge7 11. Be3 O-O-O 12. b4 Kb8 13. a4 Rdf8 14. a5 Nd8
15. Bd3 Bg4 16. h3 Bc8 17. Nh4 Qf6 18. Nhf5 g6 19. Nxd6 cxd6 20. O-O Ne6 21.
Bxa7+ Kxa7 22. Qe3+ Kb8 23. a6 Nc6 24. axb7 Bxb7 25. b5 Ncd8 26. Qa7+ Kc8 27.
Ra6 Qe7 28. Bc4 Qc7 29. Bxe6+ fxe6 30. Rd1 Bxa6 31. Qxa6+ Nb7 32. b6 Qc6 33. c4
Kd7 0-1

[Event "Xtracon Chess Open 2017"]
[Site "Helsingor DEN"]
[Date "2017.07.28"]
[Round "8.25"]
[White "Solberg, Joachim"]
[Black "Colpe, Malte"]
[Result "1-0"]
[WhiteTitle "CM"]
[WhiteElo "2237"]
[BlackElo "2412"]
[WhiteFideId "1502930"]
[BlackFideId "24623075"]
[EventDate "2017.07.22"]

1. d4 Nf6 2. Bf4 d5 3. e3 c5 4. Nc3 cxd4 5. exd4 a6 6. Nf3 Nc6 7. Ne5 Qb6 8.
Nxc6 Qxc6 9. Bd3 Bg4 10. Qd2 e6 11. Nd1 Bh5 12. O-O Be7 13. a4 O-O 14. Ne3 Rfd8
15. c3 b5 16. axb5 axb5 17. Rfc1 Bg6 18. Nf1 b4 19. cxb4 Qb7 20. b5 Ne4 21. Qc2
Rac8 22. Qb3 Nd6 23. Be2 Bf8 24. Nd2 Nf5 25. Nf3 Qb6 26. Rxc8 Rxc8 27. Qa4 Bh5
28. Qa6 Qxa6 29. bxa6 Bxf3 30. Bxf3 Nxd4 31. a7 Ra8 32. Be3 Bc5 33. Kf1 Rxa7 34.
Rc1 Nxf3 35. gxf3 Rb7 36. Rxc5 f6 37. Rc2 Kf7 38. Ke2 Rb3 39. Bc1 e5 40. Rc3 Rb4
41. Rc7+ Kg6 42. Rd7 Rc4 43. Bd2 Rc2 44. b4 d4 45. Kd1 Rb2 46. Kc1 Rb3 47. Kc2
Rxf3 48. b5 Rxf2 49. b6 e4 50. b7 e3 51. Rxd4 e2 52. Re4 Kf5 53. Re8 1-0

[Event "Xtracon Chess Open 2017"]
[Site "Helsingor DEN"]
[Date "2017.07.28"]
[Round "8.26"]
[White "Sukandar, Irine Kharisma"]
[Black "Halfhide, Sebastian"]
[Result "1-0"]
[WhiteTitle "IM"]
[WhiteElo "2409"]
[BlackElo "2253"]
[WhiteFideId "7101937"]
[BlackFideId "1045946"]
[EventDate "2017.07.22"]

1. d4 Nf6 2. Bf4 g6 3. Nc3 Bg7 4. e4 d6 5. Qd2 c6 6. Nf3 O-O 7. Bh6 Qa5 8. Bxg7
Kxg7 9. h3 e5 10. a3 Re8 11. dxe5 dxe5 12. Bd3 Nbd7 13. h4 h5 14. Ng5 Nf8 15.
O-O-O Be6 16. f4 exf4 17. Qxf4 N8d7 18. Rhf1 Qe5 19. g3 Bg4 20. Rd2 b5 21. Be2
Re7 22. Bxg4 hxg4 23. Rd6 Nh5 24. Qxf7+ Rxf7 25. Rxf7+ Kh8 26. Rxg6 Ng7 27. Rxd7
Rf8 28. Nf7+ Rxf7 29. Rxf7 Qxg3 30. Rgxg7 Qe1+ 31. Nd1 Qxe4 32. Rh7+ Kg8 33.
Rfg7+ Kf8 34. Rxa7 Kg8 35. Rhe7 Qf4+ 36. Ne3 Qf8 37. Rg7+ 1-0

[Event "Xtracon Chess Open 2017"]
[Site "Helsingor DEN"]
[Date "2017.07.28"]
[Round "8.27"]
[White "Ivarsson, Torbjorn"]
[Black "Kaasen, Tor Fredrik"]
[Result "0-1"]
[BlackTitle "FM"]
[WhiteElo "2145"]
[BlackElo "2409"]
[WhiteFideId "1705865"]
[BlackFideId "1516647"]
[EventDate "2017.07.22"]

1. e4 e5 2. Nf3 Nc6 3. Nc3 Nf6 4. d4 exd4 5. Nxd4 Bb4 6. Nxc6 bxc6 7. Bd3 d5 8.
exd5 cxd5 9. O-O O-O 10. Bg5 c6 11. Qf3 Be7 12. Rae1 Re8 13. h3 Be6 14. Re2 Qd7
15. Rfe1 h6 16. Bf4 a6 17. Be5 Qb7 18. a3 Nd7 19. Bxg7 Kxg7 20. Qg3+ Kf8 21. Qf4
Bg5 22. Qd6+ Kg7 23. h4 Bxh4 24. Qh2 Bg5 25. f4 Qb6+ 26. Kf1 Qb8 27. g3 Nf6 28.
Qg2 Qxb2 29. Nd1 Qxa3 30. fxg5 hxg5 31. Re5 Bg4 32. Rxg5+ Kf8 33. Ne3 Rxe3 34.
Rxe3 Qc1+ 35. Kf2 Qd2+ 0-1

[Event "Xtracon Chess Open 2017"]
[Site "Helsingor DEN"]
[Date "2017.07.28"]
[Round "8.28"]
[White "Holm, Kristian Stuvik"]
[Black "Kvamme, John A"]
[Result "1-0"]
[WhiteTitle "IM"]
[WhiteElo "2403"]
[BlackElo "2116"]
[WhiteFideId "1508083"]
[BlackFideId "1500562"]
[EventDate "2017.07.22"]

1. d4 Nf6 2. c4 g6 3. Nc3 Bg7 4. e4 d6 5. Nf3 O-O 6. h3 c5 7. d5 e6 8. Bd3 exd5
9. exd5 Qe7+ 10. Be3 Bh6 11. O-O Bxe3 12. Qe2 Re8 13. Rae1 Nbd7 14. Nb5 Ne5 15.
Nxe5 Bf4 16. Ng4 Bxg4 17. Qxe7 Rxe7 18. Rxe7 Bd7 19. Re2 a6 20. Nc3 b5 21. cxb5
axb5 22. Bxb5 Bxb5 23. Nxb5 Rxa2 24. g3 Be5 25. f4 Bxb2 26. Rb1 1-0

[Event "Xtracon Chess Open 2017"]
[Site "Helsingor DEN"]
[Date "2017.07.28"]
[Round "8.29"]
[White "Verhasselt, Karsten"]
[Black "Aabling-Thomsen, Jakob"]
[Result "0-1"]
[BlackTitle "IM"]
[WhiteElo "2079"]
[BlackElo "2391"]
[WhiteFideId "228893"]
[BlackFideId "1407589"]
[EventDate "2017.07.22"]

1. e4 g6 2. d4 Bg7 3. Nc3 d6 4. Nf3 a6 5. Bc4 e6 6. a4 Ne7 7. O-O b6 8. Be3 Bb7
9. Qd2 h6 10. Rfe1 Nd7 11. b4 Kf8 12. Rab1 Kg8 13. h4 Kh7 14. Qd3 Re8 15. Bd2
Kg8 16. Ne2 Nf6 17. Ng3 Nxe4 18. Nxe4 d5 19. Bxd5 exd5 20. Ng3 Nc8 21. h5 g5 22.
Nf5 Nd6 23. Ne5 Nxf5 24. Qxf5 Qf6 25. Qxf6 Bxf6 26. f4 Bc8 27. Kf2 Bf5 28. Rbc1
Rac8 29. c3 Kg7 30. Kg3 Be7 31. Rf1 gxf4+ 32. Rxf4 Be6 33. Rf2 Rg8 34. Rcf1 Rcf8
35. Kh2 Rh8 36. g4 Bd6 37. Kh3 c5 38. bxc5 bxc5 39. Rb1 Rb8 40. Rff1 Rhc8 41.
Be3 c4 42. Bd2 Rb3 43. Rxb3 cxb3 44. Nd3 Bd7 45. Kh4 Be7+ 46. Kg3 Bxa4 47. Ne5
f6 48. Nf3 b2 49. Nh4 Bc2 50. Nf5+ Bxf5 51. gxf5 Rb8 52. Rb1 a5 53. c4 a4 54.
cxd5 a3 55. Bc3 Rb3 0-1

[Event "Xtracon Chess Open 2017"]
[Site "Helsingor DEN"]
[Date "2017.07.28"]
[Round "8.30"]
[White "Miedema, David"]
[Black "Hoti, Nimon"]
[Result "1-0"]
[WhiteTitle "IM"]
[WhiteElo "2373"]
[BlackElo "1953"]
[WhiteFideId "1018477"]
[BlackFideId "1510746"]
[EventDate "2017.07.22"]

1. Nf3 Nf6 2. c4 b6 3. g3 Bb7 4. Bg2 e6 5. O-O Be7 6. Nc3 h6 7. Re1 Bb4 8. Qc2
Bxc3 9. Qxc3 d5 10. b3 c5 11. cxd5 exd5 12. Qe5+ Qe7 13. d4 Qxe5 14. Nxe5 Nfd7
15. Nxd7 Nxd7 16. Bb2 cxd4 17. e4 O-O 18. exd5 Nf6 19. Rad1 Bxd5 20. f3 Rfe8 21.
Rxe8+ Rxe8 22. Bxd4 Be6 23. Kf2 Rd8 24. Ke2 Ne8 25. Bb2 Rc8 26. Rc1 Rd8 27. Ke3
f6 28. g4 f5 29. h3 f4+ 30. Ke2 Bc8 31. Be5 g5 32. Rc6 Ba6+ 33. Ke1 Rd3 34. Bb8
Re3+ 35. Kd1 Be2+ 36. Kd2 Bb5 37. Rc2 Re7 38. a4 Be2 39. Bxa7 Re6 40. Rc1 Ba6
41. Re1 Rd6+ 42. Kc3 Nf6 43. Bf1 Nd5+ 44. Kb2 Bxf1 45. Rxf1 Ne3 46. Rc1 Kf7 47.
Rc7+ Ke6 48. Rb7 Rd2+ 49. Kc3 Rf2 50. Rxb6+ Kd7 51. Rb7+ Kc8 52. Bxe3 fxe3 53.
Rf7 Kd8 54. Kd3 Rb2 55. Kxe3 Rxb3+ 56. Kf2 Rb6 57. a5 Ra6 58. Rf5 Re6 59. Kg3
Ke7 60. Rb5 Kf7 61. Rb6 Re5 62. a6 Ra5 63. Rxh6 Kg7 64. Rb6 Ra2 65. h4 1-0